| 000 | 01130cam a2200265 4500 | ||
|---|---|---|---|
| 001 | WB3724-12 | ||
| 008 | 000000n2001 000 0 eng u | ||
| 035 | _a(Sirsi) u113130 | ||
| 245 | _aProperty values fall again | ||
| 260 | _c2001 | ||
| 490 |
_aProperty Week _v66(24) 15 June 2001, 19(1) |
||
| 520 | _aResearch from Insignia Richard Ellis indicates that all-property capital values fell marginally in May, and annual growth on the company's monthly index dropped once again to -1.8%. The rate of growth for all property annual returns has slowed to 5.4%, the lowest point since July 1996. However, property continues to outperform the broad equity market and gilts. | ||
| 590 | _aWB | ||
| 650 | _aINSIGNIA RICHARD ELLIS | ||
| 650 | _aRESEARCH | ||
| 650 | _aPROPERTY VALUES | ||
| 650 | _aCAPITAL VALUES | ||
| 650 | _aPROPERTY-COMMERCIAL PROPERTY-RETAIL PROPERTY-RETAIL PROPERTY MARKET | ||
| 650 | _aPROPERTY-COMMERCIAL PROPERTY-OFFICE PROPERTY-OFFICE PROPERTY MARKET | ||
| 650 | _aINDUSTRIAL MARKET | ||
| 650 | _aEQUITY MARKETS | ||
| 650 | _aGILTS | ||
| 690 | _aPROPERTY-COMMERCIAL PROPERTY | ||
| 942 | _n0 | ||
| 999 |
_c67353 _d67353 |
||